The Court of Appeal Civil Application No. 14/96 Joy Tumushabe & Anor Vs M/s Anglo African No. 14/98 (Record no. 3429)
[ view plain ]
| 000 -LEADER | |
|---|---|
| fixed length control field | 00613nam a22001217a 4500 |
| 008 - FIXED-LENGTH DATA ELEMENTS--GENERAL INFORMATION | |
| fixed length control field | 110621t xxu||||| |||| 00| 0 eng d |
| 010 ## - LIBRARY OF CONGRESS CONTROL NUMBER | |
| LC control number | CACAF67 |
| 245 ## - TITLE STATEMENT | |
| Title | The Court of Appeal Civil Application No. 14/96 Joy Tumushabe & Anor Vs M/s Anglo African No. 14/98 |
| 260 ## - PUBLICATION, DISTRIBUTION, ETC. (IMPRINT) | |
| Date of publication, distribution, etc | 1998 |
| 500 ## - GENERAL NOTE | |
| General note | Coram: Twinomujuni J.A (Single Judge) |
| 500 ## - GENERAL NOTE | |
| General note | Application for extension of time to file an intended appeal from the judgment of the High Court of Uganda (Ntabgoba P.J.) dated 6th March 1996 in H.C.C.S No .79 of 1995. |
| Withdrawn status | Lost status | Source of classification or shelving scheme | Damaged status | Koha normalized classification for sorting | Not for loan | Location (home branch) | Sublocation or collection (holding branch) | Shelving location | Date acquired | Koha issues (times borrowed) | Koha full call number | Piece designation (barcode) | Koha date last seen | Price effective from | Koha item type |
|---|---|---|---|---|---|---|---|---|---|---|---|---|---|---|---|
| Dewey Decimal Classification | CACAF_67 | Law Development Centre Main Library | Law Development Centre Main Library | Law Reports | 06/21/2011 | CACAF 67 | 14/1998/01 | 06/21/2011 | 06/21/2011 | Un Reported Cases |
